000 00358nam a2200145Ia 4500
008 150201s2003 xx 000 0 und d
082 _a617.6
_bO2003B
100 _aBHALAJHI,S.I.
245 _aORTHODONTICS: THE ART & SCIENCE
250 _a2ND
260 _bARYA PUBLICATION
_aDELHI
_c2003
300 _a1-505
650 _aORTHODONTICS
942 _2ddc
_cBK
_06
999 _c3146
_d3146